<?xml version="1.0" encoding="UTF-8"?>
<resp>
  <nextPage>https://data.bn.org.pl/api/networks/bibs.marcxml?marc=001+b00001150001983&amp;sinceId=1150001984</nextPage>
  <collection>
    <record xmlns='http://www.loc.gov/MARC21/slim'><leader>01322namZa2200397ZiZ4500</leader><controlfield tag='001'>b00001150001983</controlfield><controlfield tag='005'>20260403094907.1</controlfield><controlfield tag='008'>230609s        pl           |000 0 pol c</controlfield><controlfield tag='009'>9913261325305606</controlfield><datafield ind1=' ' ind2=' ' tag='020'><subfield code='a'>8324126821</subfield></datafield><datafield ind1=' ' ind2=' ' tag='020'><subfield code='a'>9788324126828</subfield></datafield><datafield ind1=' ' ind2=' ' tag='035'><subfield code='a'>KR_1KR_1_20120317225148076984-48omnis_kr</subfield></datafield><datafield ind1=' ' ind2=' ' tag='035'><subfield code='a'>KR_1_20120317225148076984</subfield><subfield code='9'>ExL</subfield></datafield><datafield ind1=' ' ind2=' ' tag='035'><subfield code='a'>(PL)b00001150001983</subfield></datafield><datafield ind1=' ' ind2=' ' tag='040'><subfield code='a'>KR_1</subfield><subfield code='c'>KR_1</subfield></datafield><datafield ind1='1' ind2=' ' tag='041'><subfield code='a'>pol</subfield><subfield code='h'>eng</subfield></datafield><datafield ind1='1' ind2=' ' tag='100'><subfield code='a'>Brockway, Connie</subfield></datafield><datafield ind1='1' ind2='0' tag='245'><subfield code='a'>Niebezpieczny kochanek /</subfield><subfield code='c'>Connie Brockway ; przekł. Radosław Januszewski.</subfield></datafield><datafield ind1=' ' ind2=' ' tag='260'><subfield code='a'>W-wa :</subfield><subfield code='b'>&quot;Amber&quot;,</subfield><subfield code='c'>2006.</subfield></datafield><datafield ind1=' ' ind2=' ' tag='300'><subfield code='a'>245 s. ;</subfield><subfield code='c'>21 cm.</subfield></datafield><datafield ind1='1' ind2=' ' tag='490'><subfield code='a'>Romans Historyczny</subfield></datafield><datafield ind1=' ' ind2=' ' tag='500'><subfield code='a'>p</subfield></datafield><datafield ind1=' ' ind2='9' tag='650'><subfield code='a'>Powieść amerykańska</subfield><subfield code='y'>20 w.</subfield></datafield><datafield ind1='1' ind2=' ' tag='700'><subfield code='a'>Januszewski, Radosław.</subfield><subfield code='e'>Tł.</subfield></datafield><datafield ind1=' ' ind2=' ' tag='852'><subfield code='b'>48OMNIS_NETWORK</subfield><subfield code='8'>9913261325305606</subfield></datafield><datafield ind1=' ' ind2=' ' tag='852'><subfield code='b'>48OMNIS_KR</subfield><subfield code='8'>991000019829708216</subfield></datafield><datafield ind1=' ' ind2=' ' tag='852'><subfield code='b'>48OMNIS_TL</subfield><subfield code='8'>991000131579608218</subfield></datafield><datafield ind1=' ' ind2=' ' tag='852'><subfield code='8'>225395830008216</subfield><subfield code='j'>1</subfield><subfield code='b'>KR_6_1</subfield><subfield code='p'>255000131784</subfield><subfield code='c'>SZAS_KS</subfield></datafield><datafield ind1=' ' ind2=' ' tag='852'><subfield code='8'>225395850008216</subfield><subfield code='j'>1</subfield><subfield code='b'>KR_6_3</subfield><subfield code='p'>257000188829</subfield><subfield code='c'>POLI_KS</subfield></datafield><datafield ind1=' ' ind2=' ' tag='852'><subfield code='8'>225395870008216</subfield><subfield code='j'>1</subfield><subfield code='b'>KR_6_2</subfield><subfield code='p'>256000122666</subfield><subfield code='c'>BLIN_KS</subfield></datafield><datafield ind1=' ' ind2=' ' tag='852'><subfield code='8'>224679120008218</subfield><subfield code='j'>0</subfield><subfield code='b'>TL_4_1</subfield><subfield code='p'>80156</subfield><subfield code='c'>TL_4_1_1</subfield></datafield><datafield ind1=' ' ind2=' ' tag='920'><subfield code='a'>83-241-2682-1</subfield></datafield><datafield ind1=' ' ind2=' ' tag='920'><subfield code='a'>978-83-241-2682-8</subfield></datafield></record>
  </collection>
</resp>
